MARC details
| 000 -CABECERA |
| campo de control de longitud fija |
00979nam a2200253 a 4500 |
| 001 - NÚMERO DE CONTROL |
| campo de control |
000011298 |
| 005 - FECHA Y HORA DE LA ÚLTIMA TRANSACCIÓN |
| campo de control |
20250228152923.0 |
| 008 - DATOS DE LONGITUD FIJA--INFORMACIÓN GENERAL |
| campo de control de longitud fija |
091016s2005 dr r 000 d spa d |
| 020 ## - NÚMERO INTERNACIONAL ESTÁNDAR DEL LIBRO |
| Número Internacional Estándar del Libro |
9993498440 |
| 040 ## - FUENTE DE LA CATALOGACIÓN |
| Centro catalogador/agencia de origen |
DO-SdBNP |
| Lengua de catalogación |
spa |
| Centro/agencia transcriptor |
BNPHU |
| 082 ## - NÚMERO DE LA CLASIFICACIÓN DECIMAL DEWEY |
| Número de clasificación |
RD862.44 |
| Número de documento/Ítem |
C352i |
| 100 13 - ENTRADA PRINCIPAL--NOMBRE DE PERSONA |
| Nombre de persona |
Castillo, Efraím, |
| Fechas asociadas al nombre |
1940- |
| 9 (RLIN) |
28022 |
| 245 14 - MENCIÓN DE TÍTULO |
| Título |
Los inventores del monstruo : |
| Resto del título |
drama en nueve cuadros / |
| Mención de responsabilidad, etc. |
Efraim Castillo ; corrección Noris Céspedes. |
| 260 ## - PUBLICACIÓN, DISTRIBUCIÓN, ETC. |
| Lugar de publicación, distribución, etc. |
Santo Domingo : |
| Nombre del editor, distribuidor, etc. |
Secretaria de Estado de Cultura, |
| Fecha de publicación, distribución, etc. |
2005. |
| 300 ## - DESCRIPCIÓN FÍSICA |
| Extensión |
195 p. ; |
| Dimensiones |
24 cm. |
| 500 ## - NOTA GENERAL |
| Nota general |
Incluye datos biográficos del autor en la solapa de la cubierta. |
| 586 ## - NOTA DE PREMIOS |
| Nota de premios |
Premio Anual de Teatro Cristóbal de Llerena, 2004 |
| 590 ## - NOTA LOCAL (RLIN) |
| Nota local |
Inventariado, 2019 / DG |
| 650 #0 - PUNTO DE ACCESO ADICIONAL DE MATERIA--TÉRMINO DE MATERIA |
| Término de materia o nombre geográfico como elemento de entrada |
Teatro dominicano |
| 9 (RLIN) |
637 |
| 650 #0 - PUNTO DE ACCESO ADICIONAL DE MATERIA--TÉRMINO DE MATERIA |
| Término de materia o nombre geográfico como elemento de entrada |
Literatura dominicana. |
| 9 (RLIN) |
67 |
| 700 12 - PUNTO DE ACCESO ADICIONAL--NOMBRE DE PERSONA |
| Nombre de persona |
Céspedes, Noris, |
| Término indicativo de función/relación |
corr. |
| 9 (RLIN) |
2492 |
| 710 1# - PUNTO DE ACCESO ADICIONAL--NOMBRE DE ENTIDAD CORPORATIVA |
| Nombre de entidad corporativa o nombre de jurisdicción como elemento de entrada |
República Dominicana. |
| Unidad subordinada |
Secretaría de Estado de Cultura |
| 9 (RLIN) |
6453 |
| 910 ## - DATOS DE OPCIÓN DEL USUARIO (OCLC) |
| Datos de opción del usuario |
Validado. Control de calidad. MFF |